<?xml version="1.0" encoding="UTF-8"?>
<record
    xmlns:xsi="http://www.w3.org/2001/XMLSchema-instance"
    xsi:schemaLocation="http://www.loc.gov/MARC21/slim http://www.loc.gov/standards/marcxml/schema/MARC21slim.xsd"
    xmlns="http://www.loc.gov/MARC21/slim">

  <leader>01166nam a22002537a 4500</leader>
  <controlfield tag="003">dpl</controlfield>
  <controlfield tag="005">20180829122444.0</controlfield>
  <controlfield tag="008">180829b        xxu||||| |||| 00| 0 eng d</controlfield>
  <datafield tag="010" ind1=" " ind2=" ">
    <subfield code="a">B-234443</subfield>
  </datafield>
  <datafield tag="020" ind1=" " ind2=" ">
    <subfield code="c">260.00</subfield>
    <subfield code="a">8178120712</subfield>
  </datafield>
  <datafield tag="035" ind1=" " ind2=" ">
    <subfield code="a">B-234443, B-234467</subfield>
  </datafield>
  <datafield tag="037" ind1=" " ind2=" ">
    <subfield code="b">Cen Lib/Ret</subfield>
  </datafield>
  <datafield tag="040" ind1=" " ind2=" ">
    <subfield code="a">DPL</subfield>
    <subfield code="b">HN</subfield>
    <subfield code="c">0</subfield>
  </datafield>
  <datafield tag="082" ind1=" " ind2=" ">
    <subfield code="a">000</subfield>
    <subfield code="b">&#x906;&#x930;&#x917;&#x941;</subfield>
  </datafield>
  <datafield tag="100" ind1=" " ind2=" ">
    <subfield code="a"> &#x906;&#x930; &#x917;&#x941;&#x92A;&#x94D;&#x924;&#x93E;,</subfield>
    <subfield code="9">57762</subfield>
  </datafield>
  <datafield tag="245" ind1=" " ind2=" ">
    <subfield code="a">&#x92A;&#x93E;&#x92A;&#x941;&#x932;&#x930; &#x92E;&#x93E;&#x938;&#x94D;&#x91F;&#x930; &#x917;&#x93E;&#x907;&#x921; &#x930;&#x93E;&#x938;&#x94D;&#x91F;&#x94D;&#x930;&#x940;&#x92F; &#x92A;&#x94D;&#x930;&#x924;&#x93F;&#x92D;&#x93E; &#x916;&#x94B;&#x91C; &#x92A;&#x930;&#x940;&#x915;&#x94D;&#x937;&#x93E; :</subfield>
    <subfield code="c">&#x906;&#x930; &#x917;&#x941;&#x92A;&#x94D;&#x924;&#x93E; </subfield>
    <subfield code="b">&#x915;&#x915;&#x94D;&#x937;&#x93E; &#x928;&#x935;&#x940; &#x90F;&#x935;&#x902; &#x926;&#x938;&#x935;&#x940;&#x902; &#x915;&#x947; &#x932;&#x93F;&#x90F; /</subfield>
  </datafield>
  <datafield tag="246" ind1=" " ind2=" ">
    <subfield code="a">National talent search examination : for class 9th and 10 class students /</subfield>
    <subfield code="b">by R. Gupta </subfield>
  </datafield>
  <datafield tag="260" ind1=" " ind2=" ">
    <subfield code="a">&#x928;&#x908; &#x926;&#x93F;&#x932;&#x94D;&#x932;&#x940; </subfield>
    <subfield code="b">&#x930;&#x92E;&#x947;&#x936; &#x92A;&#x92C;&#x94D;&#x932;&#x93F;&#x936;&#x93F;&#x902;&#x917; &#x939;&#x93E;&#x909;&#x938; </subfield>
    <subfield code="c">2008</subfield>
  </datafield>
  <datafield tag="270" ind1=" " ind2=" ">
    <subfield code="b">&#x928;&#x908; &#x926;&#x93F;&#x932;&#x94D;&#x932;&#x940; </subfield>
    <subfield code="a">12-H, &#x928;&#x94D;&#x92F;&#x942; &#x926;&#x930;&#x92F;&#x93E;&#x917;&#x902;&#x91C; &#x930;&#x94B;&#x921;</subfield>
    <subfield code="e">110002</subfield>
  </datafield>
  <datafield tag="300" ind1=" " ind2=" ">
    <subfield code="a">various pagings </subfield>
    <subfield code="c">21cm(Hb)</subfield>
  </datafield>
  <datafield tag="650" ind1=" " ind2=" ">
    <subfield code="a">Generalia </subfield>
    <subfield code="9">3517</subfield>
  </datafield>
  <datafield tag="650" ind1=" " ind2=" ">
    <subfield code="a">Entrance examination books (NTSE)</subfield>
    <subfield code="9">37887</subfield>
  </datafield>
  <datafield tag="942" ind1=" " ind2=" ">
    <subfield code="2">ddc</subfield>
    <subfield code="c">HN</subfield>
    <subfield code="h">000</subfield>
    <subfield code="m"> &#x906;&#x930; &#x917;&#x941;&#x92A;&#x94D;&#x924;&#x93E;,</subfield>
  </datafield>
  <datafield tag="999" ind1=" " ind2=" ">
    <subfield code="c">122023</subfield>
    <subfield code="d">122023</subfield>
  </datafield>
  <datafield tag="952" ind1=" " ind2=" ">
    <subfield code="0">0</subfield>
    <subfield code="1">0</subfield>
    <subfield code="4">0</subfield>
    <subfield code="7">0</subfield>
    <subfield code="a">L</subfield>
    <subfield code="b">L</subfield>
    <subfield code="d">2016-02-16</subfield>
    <subfield code="e">Cen Lib/Ret</subfield>
    <subfield code="g">260.00</subfield>
    <subfield code="l">4</subfield>
    <subfield code="m">4</subfield>
    <subfield code="o">000 &#x906;&#x930;&#x917;&#x941;</subfield>
    <subfield code="p">B-234443</subfield>
    <subfield code="r">2022-01-27 00:00:00</subfield>
    <subfield code="s">2021-12-16</subfield>
    <subfield code="t">1</subfield>
    <subfield code="v">260.00</subfield>
    <subfield code="w">2016-02-16</subfield>
    <subfield code="y">HN</subfield>
  </datafield>
  <datafield tag="952" ind1=" " ind2=" ">
    <subfield code="0">0</subfield>
    <subfield code="1">0</subfield>
    <subfield code="2">ddc</subfield>
    <subfield code="4">0</subfield>
    <subfield code="7">0</subfield>
    <subfield code="8">NFIC</subfield>
    <subfield code="a">BL4</subfield>
    <subfield code="b">BL4</subfield>
    <subfield code="d">2018-08-29</subfield>
    <subfield code="e">BPPD/PUB</subfield>
    <subfield code="g">260.00</subfield>
    <subfield code="l">0</subfield>
    <subfield code="o">000  &#x906;&#x930; &#x917;&#x941;&#x92A;&#x94D;&#x924;&#x93E;,</subfield>
    <subfield code="p">B-234467</subfield>
    <subfield code="r">2018-08-29 00:00:00</subfield>
    <subfield code="v">260.00</subfield>
    <subfield code="w">2018-08-29</subfield>
    <subfield code="y">HN</subfield>
  </datafield>
</record>
